Sourcebook of treatment programs for sexual offenders /

A guide for the design and implementation of treatment programs, the Sourcebook emphasizes clinical issues over research and offers valuable suggestions for dealing with problems that arise in treatment. Contributors from around the world describe their work in prisons, psychiatric institutions, and...

Full description

Bibliographic Details
Corporate Author: SpringerLink (Online service)
Other Authors: Marshall, William L.
Format: eBook
Language:English
Published: New York : Plenum Press, 1998.
Series:Applied clinical psychology.
Subjects:
Online Access:Connect to the full text of this electronic book

MARC

Tag First Indicator Second Indicator Subfields
LEADER 00000cam a2200000Ki 4500
001 in00003548607
006 m o d
007 cr cnu---unuuu
008 140711s1998 nyu ob 001 0 eng d
005 20260421180439.1
020 |a 9781489919168 (electronic bk.) 
020 |a 1489919163 (electronic bk.) 
020 |z 030645730X 
020 |z 9780306457302 
024 7 |a 10.1007/978-1-4899-1916-8  |2 doi 
035 |a (OCoLC)883381487 
040 |a GW5XE  |b eng  |e rda  |e pn  |c GW5XE  |d UtOrBLW 
049 |a TXAM 
050 4 |a RC560.S47  |b S68 1998eb 
060 1 4 |a 1998 G-798 
060 1 4 |a WM 610  |b S724 1998 
082 0 4 |a 362.2/7  |2 22 
084 |a YH 8515  |2 rvk 
245 0 0 |a Sourcebook of treatment programs for sexual offenders /  |c edited by William Lamont Marshall ... [and others]. 
264 1 |a New York :  |b Plenum Press,  |c 1998. 
300 |a 1 online resource (xx, 483 pages) 
336 |a text  |b txt  |2 rdacontent 
337 |a computer  |b c  |2 rdamedia 
338 |a online resource  |b cr  |2 rdacarrier 
490 1 |a Applied clinical psychology 
504 |a Includes bibliographical references and index. 
505 0 |a Adult Male Offenders: Prison Settings: The Twin Rivers Sex Offender Treatment Program. Kia Marama: A Treatment Program for Child Molesters in New Zealand -- Community Settings: The Faithful Foundation Residential Program for Sexual Offenders. Community-Based Treatment with Sexual Offenders -- Psychiatric Settings: Working with Sexual Offenders in Psychiatric Settings in England and Wales. The Treatment of Sexually Aggressive Offenders in the Dr. Henri van der Hoeven Kliniek: A Forensic Psychiatric Institute in The Netherlands -- Diverse Populations: An 11-Year Perspective of Working with Female Offenders. Adult Intellectually Disabled Sexual Offenders: Program Considerations -- Ethnic Populations: Te Piriti: A Bicultural Model for Treating Child Molesters in Aotearoa/New Zealand. Blending the Traditional with the Contemporary in the Treatment of Aboriginal Sexual Offenders: A Canadian Experience -- Conclusions and Future Directions -- 21 Additional Chapters -- Index. 
520 |a A guide for the design and implementation of treatment programs, the Sourcebook emphasizes clinical issues over research and offers valuable suggestions for dealing with problems that arise in treatment. Contributors from around the world describe their work in prisons, psychiatric institutions, and community settings. Special attention is given to culturally sensitive treatments and to special populations, including professionals, clergy, juveniles, women, and the physically challenged. 
588 |a Description based on print version record. 
650 0 |a Sex offenders  |x Mental health services. 
650 0 |a Sex offenders  |x Rehabilitation. 
650 1 2 |a Paraphilias  |x rehabilitation. 
650 2 2 |a Sex Offenses. 
650 2 2 |a Mental Health Services. 
650 6 |a Délinquants sexuels  |x Réhabilitation. 
650 0 7 |a Aufsatzsammlung.  |2 swd 
650 0 7 |a Sexualtäter.  |2 swd 
650 0 7 |a Therapieplan.  |2 swd 
650 7 |a Sex offenders  |x Mental health services.  |2 fast  |0 (OCoLC)fst01114577 
650 7 |a Sex offenders  |x Rehabilitation.  |2 fast  |0 (OCoLC)fst01114581 
655 7 |a Electronic books.  |2 local 
700 1 |a Marshall, William L. 
710 2 |a SpringerLink (Online service) 
776 1 8 |i Print version:  |t Sourcebook of treatment programs for sexual offenders  |z 030645730X  |w (DLC) 98021057  |w (OCoLC)38989829 
830 0 |a Applied clinical psychology. 
856 4 0 |u http://proxy.library.tamu.edu/login?url=https://link.springer.com/10.1007/978-1-4899-1916-8  |z Connect to the full text of this electronic book  |t 0 
994 |a 92  |b TXA 
999 |a MARS 
999 f f |s 72fc49a0-525a-31aa-bb82-39167c6828a2  |i 74d4ec5f-4184-3d72-ad47-ba241a191752  |t 0 
952 f f |a Texas A&M University  |b College Station  |c Electronic Resources  |s www_evans  |d Available Online  |t 0  |e RC560.S47 S68 1998eb  |h Library of Congress classification 
998 f f |a RC560.S47 S68 1998eb  |t 0  |l Available Online